00605nam a22001937a 4500003000500000005001700005008004100022010001000063011001000073035001000083040000900093110008100102245004800183260004200231300001800273490005200291650001600343830005200359CHAP20220817041855.0971013s1984 r 00010 d a27308 a28280 a32383 cCHAP aInstituto Nacional de Capacitación del Sector Agropecuario, A. C. México aCría y explotación del pollo de engorda aMéxico, D.F. :bEl Instituto,c1984 a39 p.b: ilus aTextos de capacitación: área campesinav; 114aAvicultura.0 aTextos de capacitación: área campesinav; 1